Analyzátor kanonických matíc

Na minha lista:
Detalhes bibliográficos
Autor principal: Druga, Peter (Author)
Outros Autores: Kolesár, Milan, 1942- (Thesis advisor)
Formato: Manuscrito Livro
Idioma:eslovaco
Publicado em: Bratislava : STU v Bratislave FEI, 2001
Assuntos:
Tags: Adicionar Tag
Sem tags, seja o primeiro a adicionar uma tag!

MARC

LEADER 00000ntm a22000003a 4500
001 stu73532
005 20160719164801.0
008 020201s2001------------------------slo-d
040 |a STU  |b slo 
041 0 |a slo 
100 1 |a Druga, Peter  |4 aut 
245 1 |a Analyzátor kanonických matíc 
260 |a Bratislava :  |b STU v Bratislave FEI,  |c 2001 
300 |a 101 s 
650 7 |a informatika  |2 stusub 
700 1 |a Kolesár, Milan,  |d 1942-  |4 ths  |u E220  |U FEI Fakulta elektrotechniky a informatiky  |T FEI Katedra informatiky a výpočtovej techniky  |X 2137  |U E220  |Y 69  |7 2137 
996 |b EDIPL-6818  |c I*DIPL-6818  |l II680  |s A  |a 24  |w stu73532_0001